000 01480cam a22004574i 4500
003 PE-LiUPU
005 20250731173535.0
008 150616s1995 na r 000 0 eng d
020 _a080546154X
035 _a(Sirsi) i9780805461541
040 _aPE-LiUPU
_bspa
_cPE-LiUPU
_erda
049 _aPRUA
082 0 4 _a248.4
_bB84
_221
100 1 _aBrown, Joe B.,
_eautor.
245 1 0 _aBattle Fatigue /
_cJoe B. Brown.
264 1 _aNashville, Tennessee :
_bBroadman and Holman Publishers,
_c1995.
300 _a226 páginas ;
_c22 centímetros
336 _atext
_2rdacontent
337 _aunmediated
_2rdamedia
338 _avolume
_2rdacarrier
505 0 _aWalding when wounded -- Winning the daily battles -- Gaining the ultimate victory.-.
526 _aSEG42
526 _aSEG41
526 _aSEG40
526 _aSEG39
526 _aP94
526 _aP87
526 _aP86
526 _aP85
526 _aP77
526 _aP76
526 _aP35
650 0 4 _aVida cristiana.
910 _ajck
_bjvq
_cjck
942 _2ddc
_cBOOK
949 _a248.4 B84
_wDEWEY
_c1
_i42395
_lCCODEBUL1
_mBUL
_r0
_sY
_tBOOK
_u2015-6-16
_xTEOLOGIA
_zUNKNOWN
_0COMPRA
_o.STAFF. Colección Teología
994 _aC0
_bPEPRU
596 _a1
999 _a248.4 B84
_wDEWEY
_c60231
_i42395
_f2021-11-10
_g5
_lCCODEBUL1
_mBUL
_p20.00
_r0
_sY
_tBOOK
_u2015-6-16
_xTEOLOGIA
_PP35
_0COMPRA
_o.STAFF. Colección Teología
_d60231
980 _81
_gALBERTO SANCHEZ Responsable de Automatización